Advanced Macroeconomics

Gespeichert in:
Bibliographische Detailangaben
1. Verfasser: Romer, David
Format: Buch
Sprache:Englisch
Veröffentlicht: New York McGraw-Hill 2019
Ausgabe:5th Edition
Schriftenreihe:The McGraw-Hill Series Economics
Schlagworte:
Tags: Tag hinzufügen
Keine Tags, Fügen Sie das erste Tag hinzu!

MARC

LEADER 00000nam a2200000 4500
001 0248274
005 20230105092953.7
020 |a 978-1-260-18521-8 
041 0 |a eng 
044 |a US 
245 1 0 |a Advanced Macroeconomics  |c David Romer 
250 |a 5th Edition 
264 1 |a New York  |b McGraw-Hill  |c 2019 
300 |a 782 s. 
490 1 |a The McGraw-Hill Series Economics 
830 0 |a The McGraw-Hill Series Economics 
610 2 0 |a makroekonomika 
610 2 0 |a modely rastu 
610 2 0 |a rast hospodársky 
610 2 0 |a príjmy 
610 2 0 |a teórie ekonomické 
610 2 0 |a cykly obchodné 
610 2 0 |a modely rovnováhy 
610 2 0 |a spotreba 
610 2 0 |a investície 
610 2 0 |a trh finančný 
610 2 0 |a kríza finančná 
610 2 0 |a nezamestnanosť 
610 2 0 |a politika peňažná 
610 2 0 |a deficit rozpočtový 
610 2 0 |a politika fiškálna 
100 1 |a Romer, David